| 000 | 00350nam a2200145 i 4500 | ||
|---|---|---|---|
| 001 | bgj | ||
| 100 | 1 | _aHANDKE, Peter. | |
| 245 | 1 | 0 |
_aDie Linkshändige Frau : _bErzählung / _cPeter Handke.9 |
| 650 | _aPowieść niemiecka | ||
| 040 | _cBPK | ||
| 041 | _ager | ||
| 080 | _a821.112.2-3 | ||
| 942 | _cKS | ||
| 008 | s gw f |000 0 ger | ||
| 999 |
_c49495 _d49495 |
||
| 856 |
_uhttp://koha.tu.koszalin.pl/cgi-bin/koha/opac-detail.pl?biblionumber=49495 _yKatalog online BPK |
||